Digital Architecture Beyond Computers: Fragments of a Cultural History of Computational Design / (Record no. 8323)

MARC details
000 -LEADER
fixed length control field 00638nam a22001817a 4500
003 - CONTROL NUMBER IDENTIFIER
control field OSt
005 - DATE AND TIME OF LATEST TRANSACTION
control field 20251214145913.0
008 - FIXED-LENGTH DATA ELEMENTS--GENERAL INFORMATION
fixed length control field 251214b |||||||| |||| 00| 0 eng d
020 ## - INTERNATIONAL STANDARD BOOK NUMBER
International Standard Book Number 9781474258128
040 ## - CATALOGING SOURCE
Transcribing agency n
082 ## - DEWEY DECIMAL CLASSIFICATION NUMBER
Classification number 720.28 B68 2021
100 ## - MAIN ENTRY--PERSONAL NAME
Personal name Bottazzi, Roberto
245 ## - TITLE STATEMENT
Title Digital Architecture Beyond Computers: Fragments of a Cultural History of Computational Design /
Statement of responsibility, etc. Roberto Bottazzi.
260 ## - PUBLICATION, DISTRIBUTION, ETC.
Name of publisher, distributor, etc. London, United Kingdom. Bloomsbury Visual Arts (Bloomsbury Publishing PLC) 2021
300 ## - PHYSICAL DESCRIPTION
Extent 256 p. 23 cm.
650 ## - SUBJECT ADDED ENTRY--TOPICAL TERM
Topical term or geographic name entry element History and theory of digital architecture and computational design.
942 ## - ADDED ENTRY ELEMENTS (KOHA)
Source of classification or shelving scheme Dewey Decimal Classification
Koha item type English Book
Suppress in OPAC No
Holdings
Withdrawn status Lost status Source of classification or shelving scheme Damaged status Not for loan Home library Current library Date acquired Total Checkouts Full call number Barcode Date last seen Price effective from Koha item type
    Dewey Decimal Classification     CENTRAL TUWAIQ 12/28/2025   720.28 B68 2021 1000000025591 12/28/2025 12/28/2025 English Book